000 00607nam a2200205Ia 4500
003 GCL
008 140319s9999 xx 000 0 ara d
040 _aGCL /
_cGCL
082 0 4 _a250
_bح ف
100 1 _aحسن احمد الخطيب
245 1 0 _aفقه الاسلام /
_cحسن احمد الخطيب
260 _a[S.N] :
_bالهيئة المصرية العامة للكتاب ،
_c1992
300 _a250 ص
490 _a
650 0 4 _aالاسلام
650 0 4 _aالشريعة الاسلامية
650 0 4 _aالفقه الاسلامى
650 0 4 _aالديانات
942 _2ddc
_cBK
999 _c29238
_d29238